Bioceramics Vol. 24

Salvato in:
Dettagli Bibliografici
Altri autori: Ishikawa, Kunio (Redattore), Iwamoto, Yukihide (Redattore)
Natura: Libro
Lingua:inglese
Pubblicazione: Durnten-Zurich Trans Tech Publications Ltd 2013
Serie:Key Engineering Materials. Vol. 529-530
Soggetti:
Accesso online:Visualizza in OPAC
Tags: Aggiungi Tag
Nessun Tag, puoi essere il primo ad aggiungerne!!

MARC

LEADER 00000nam a2200000 a 4500
005 20260127134111.0
008 140526 2013 000 0 eng d
020 |a 9783037855171 
035 |a vtls010598762 
039 9 |y 201405261140  |z mschk03 
040 |a STUSCHK1  |b slo  |c STUSCHK1  |e AACR2 
245 1 |a Bioceramics  |b Vol. 24  |c edited by Kunio Ishikawa and Yukihide Iwamoto 
260 |a Durnten-Zurich  |b Trans Tech Publications Ltd  |c 2013 
300 |a xvii, 671 s.  |b il.  |c 24,5 cm 
490 0 |a Key Engineering Materials. Vol. 529-530 
500 |a Selected, peer reviewed papers from the 24th Symposium and Annual Meeting of International Society for Ceramics in Medicine(ISCM 2012), October 21-24,2012, Fukuoka, Japan 
650 0 |a Ceramics 
650 0 |a Ceramics in medicine 
700 1 |a Ishikawa, Kunio  |4 edt 
700 1 |a Iwamoto, Yukihide  |4 edt 
910 |a SCHK95 
919 |a 978-3--03785-517-1 
999 |c 4076  |d 4076